000 00473nam a2200181Ia 4500
005 20250423101403.0
008 250422s9999 xx 000 0 und d
020 _a053114058-x
050 _aQB 801.7 .W38/
100 _aWatts, Franklin
245 4 _aThe picture world of sun and stars
260 _aNew York
260 _bK and Co
260 _c1990
300 _a29 p
650 _aStars--Juvenile literature. Stars. Sun--Juvenile literature. Sun.
942 _cBK
999 _c36160
_d36160